000 00518nam a2200181Ia 4500
003 OSt
005 20240328093658.0
008 210210b1962 xxu||||| |||| 00| 0 eng d
040 _cAL
041 _aeng
082 _a856/30
100 _aKAUTILYA ಕೌಟಿಲ್ಯ
_9157324
245 _aKautilyana arthashastra ಕೌಟಿಲ್ಯನ ಅರ್ಥಶಾಸ್ತ್ರ
260 _aDharavada
_bSamaja Pustakalaya
_c1962
690 _aKannada Miscellaneous
_9157331
906 _a020280
942 _2ddc
_cBK
999 _c144432
_d144432